Land, water and development : (Record no. 9034)

MARC details
000 -LEADER
fixed length control field 01429cam a2200397 a 4500
001 - CONTROL NUMBER
control field 15195894
003 - CONTROL NUMBER IDENTIFIER
control field OSt
005 - DATE AND TIME OF LATEST TRANSACTION
control field 20240702143849.0
008 - FIXED-LENGTH DATA ELEMENTS--GENERAL INFORMATION
fixed length control field 080227s2009 enkab b 001 0 eng
010 ## - LIBRARY OF CONGRESS CONTROL NUMBER
LC control number 2008008818
015 ## - NATIONAL BIBLIOGRAPHY NUMBER
National bibliography number GBA875758
Source bnb
016 7# - NATIONAL BIBLIOGRAPHIC AGENCY CONTROL NUMBER
Record control number 014640973
Source Uk
020 ## - INTERNATIONAL STANDARD BOOK NUMBER
International Standard Book Number 9780415419451 (hbk)
020 ## - INTERNATIONAL STANDARD BOOK NUMBER
International Standard Book Number 041541945X (hbk)
020 ## - INTERNATIONAL STANDARD BOOK NUMBER
International Standard Book Number 9780415419468 (pbk)
020 ## - INTERNATIONAL STANDARD BOOK NUMBER
International Standard Book Number 0415419468 (pbk)
020 ## - INTERNATIONAL STANDARD BOOK NUMBER
International Standard Book Number 9780203891919 (ebk)
020 ## - INTERNATIONAL STANDARD BOOK NUMBER
International Standard Book Number 0203891910 (ebk)
035 ## - SYSTEM CONTROL NUMBER
System control number (OCoLC)ocn212410161
040 ## - CATALOGING SOURCE
Transcribing agency must
050 00 - LIBRARY OF CONGRESS CALL NUMBER
Classification number TC409
Item number .N49 2009
082 00 - DEWEY DECIMAL CLASSIFICATION NUMBER
Classification number 333.927 NEW 2009
Edition number 22
100 1# - MAIN ENTRY--PERSONAL NAME
Personal name Newson, Malcolm David.
9 (RLIN) 18364
245 10 - TITLE STATEMENT
Title Land, water and development :
Remainder of title sustainable and adaptive management of rivers /
Statement of responsibility, etc. Malcolm Newson.
250 ## - EDITION STATEMENT
Edition statement 3rd ed.
260 ## - PUBLICATION, DISTRIBUTION, ETC. (IMPRINT)
Place of publication, distribution, etc. London ;
-- New York :
Name of publisher, distributor, etc. Routledge,
Date of publication, distribution, etc. 2009.
300 ## - PHYSICAL DESCRIPTION
Extent xxxi, 441 p. :
Other physical details ill., maps ;
Dimensions 25 cm.
504 ## - BIBLIOGRAPHY, ETC. NOTE
Bibliography, etc Includes bibliographical references (p. [365]-423) and index.
650 #0 - SUBJECT ADDED ENTRY--TOPICAL TERM
Topical term or geographic name as entry element Watershed management.
9 (RLIN) 16100
650 #0 - SUBJECT ADDED ENTRY--TOPICAL TERM
Topical term or geographic name as entry element Water resources development.
9 (RLIN) 18365
650 #0 - SUBJECT ADDED ENTRY--TOPICAL TERM
Topical term or geographic name as entry element Sustainable development.
9 (RLIN) 1103
856 41 - ELECTRONIC LOCATION AND ACCESS
Materials specified Table of contents only
Uniform Resource Identifier <a href="http://www.loc.gov/catdir/toc/ecip0812/2008008818.html">http://www.loc.gov/catdir/toc/ecip0812/2008008818.html</a>
906 ## - LOCAL DATA ELEMENT F, LDF (RLIN)
a 7
b cbc
c orignew
d 1
e ecip
f 20
g y-gencatlg
942 ## - ADDED ENTRY ELEMENTS (KOHA)
Source of classification or shelving scheme Dewey Decimal Classification
Koha item type Open Shelf
Holdings
Withdrawn status Lost status Source of classification or shelving scheme Damaged status Not for loan Home library Current library Date acquired Source of acquisition Inventory number Total Checkouts Full call number Barcode Date last seen Price effective from Koha item type
    Other/Generic Classification Scheme     MUST Main Library MUST Main Library 02/07/2024 purchase 12/35878   333.927 NEW 2009 2024-21671 02/07/2024 02/07/2024 Open Shelf
    Other/Generic Classification Scheme     MUST Main Library MUST Main Library 02/07/2024 purchase 12/35880   333.927 NEW 2009 2024-21672 02/07/2024 02/07/2024 Open Shelf